Farm forestry (Record no. 1684)
[ view plain ]
| 000 -LEADER | |
|---|---|
| fixed length control field | 01159cab a2200253 4500 |
| 001 - CONTROL NUMBER | |
| control field | ABS37199 |
| 008 - FIXED-LENGTH DATA ELEMENTS--GENERAL INFORMATION | |
| fixed length control field | 090401t1986 xxu||||| |||| 00| 0 eng d |
| 035 ## - SYSTEM CONTROL NUMBER | |
| System control number | (Sirsi) u2799 |
| 041 ## - LANGUAGE CODE | |
| Language code of text/sound track or separate title | eng |
| 100 ## - MAIN ENTRY--PERSONAL NAME | |
| Personal name | Hart, C. |
| 245 ## - TITLE STATEMENT | |
| Title | Farm forestry |
| 260 ## - PUBLICATION, DISTRIBUTION, ETC. | |
| Date of publication, distribution, etc. | 1986 |
| 350 ## - PRICE (NR) (BK AM CF MU VM SE) [OBSOLETE] | |
| Price | 0 |
| 490 ## - SERIES STATEMENT | |
| Series statement | AMC Review |
| Volume/sequential designation | (2) Winter 1986,8-9 (2) |
| 520 ## - SUMMARY, ETC. | |
| Summary, etc. | A Chartered Surveyor and forester discusses the economics of farm forestry covering private forestry ,the gross cost for the establishment of such an enterprise,the problem of cash flow,the financial yields from forestry and comments briefly on timber prices . Concludes,that while there are opportunities to develop forestry as a general farm enterprise,this is unlikely to happen to any degree,unless the EEC, Government and the public accept the need to provide realistic long term support. Includes tables detailing costs and revenues for conifers and broadleaves and the Forestry Commission grant band per hectares. |
| 650 ## - SUBJECT ADDED ENTRY--TOPICAL TERM | |
| Topical term or geographic name entry element | ECONOMICS |
| 650 ## - SUBJECT ADDED ENTRY--TOPICAL TERM | |
| Topical term or geographic name entry element | GRANTS |
| 650 ## - SUBJECT ADDED ENTRY--TOPICAL TERM | |
| Topical term or geographic name entry element | TAXATION |
| 650 ## - SUBJECT ADDED ENTRY--TOPICAL TERM | |
| Topical term or geographic name entry element | TIMBER |
| 650 ## - SUBJECT ADDED ENTRY--TOPICAL TERM | |
| Topical term or geographic name entry element | WOODLANDS |
| 690 ## - LOCAL SUBJECT ADDED ENTRY--TOPICAL TERM (OCLC, RLIN) | |
| Topical term or geographic name as entry element | RURAL PRACTICE |
| 942 ## - ADDED ENTRY ELEMENTS (KOHA) | |
| Suppress in OPAC | 0 |
| 948 ## - LOCAL PROCESSING INFORMATION (OCLC); SERIES PART DESIGNATOR (RLIN) | |
| c (OCLC) | 04/03/1997 |
| Withdrawn status | Lost status | Source of classification or shelving scheme | Damaged status | Not for loan | Home library | Current library | Shelving location | Date acquired | Total Checkouts | Full call number | Barcode | Date last seen | Copy number | Price effective from | Koha item type |
|---|---|---|---|---|---|---|---|---|---|---|---|---|---|---|---|
| Dewey Decimal Classification | London | London | Journal article | 14/09/1999 | ABS37199 | 2799-1001 | 06/08/2019 | 1 | 06/08/2019 | Journal article |